000 00809nam a2200265 i 4500
001 bg
100 1 _aWrembel, Robert.
245 1 0 _aManagement of schema and data evolution in multiversion data warehouse /
_cRobert Wrembel.
260 _aPoznań :
_bWydawnictwo Politechniki Poznańskiej,
_c2007.
300 _a238 s. :
_bil. ;
_c24 cm.
490 1 _aRozprawy / Politechnika Poznańska,
_x0551-6528 ;
_vnr 411
504 _aBibliogr. s. 215-236.
546 _aStreszcz. pol.
650 9 _aHurtownia danych
830 0 _aRozprawy - Politechnika Poznańska
_vnr 411
015 _aPB 4976/2008
020 _a9788371433191
040 _cBPK
041 0 _aeng
_bpol
044 _aPOL
080 _a004.65
920 _a978-83-7143-319-1
942 _cKS
008 070820s2007 pl a |000 0 eng
999 _c54754
_d54754
856 _uhttp://koha.tu.koszalin.pl/cgi-bin/koha/opac-detail.pl?biblionumber=54754
_yKatalog online BPK